| 000 | 00330nam a2200121 a 4500 | ||
|---|---|---|---|
| 008 | 990421s1989||||xx 0 und c | ||
| 040 |
_aSNK _bslo _cSNK _eAACR2 |
||
| 245 | 1 | 0 | _aNemecko - slovenský slovník masových komunikačných prostriedkov |
| 260 |
_aBratislava _bSPN _c1989 |
||
| 020 | _c28 | ||
| 041 | _aslo | ||
| 044 |
_axo _cSK |
||
| 999 |
_c19193 _d19193 |
||